[Event "FRA-chT3 Gr12 0304"]
[Site "Loire"]
[Date "2004.02.01"]
[Round "5.6"]
[White "Thevenet, Quentin"]
[Black "Tissot, Alice"]
[Result "0-1"]
[WhiteElo "1480"]
[BlackElo "1930"]
[PlyCount "94"]
[EventDate "2003.10.12"]
[EventType "team"]
[EventRounds "9"]
[EventCountry "FRA"]
[SourceTitle "EXT 2008"]
[Source "ChessBase"]
[SourceDate "2007.11.25"]
[SourceVersion "1"]
[SourceVersionDate "2007.11.25"]
[SourceQuality "1"]

1. e4 c5 2. Nf3 Nc6 3. Bc4 d6 4. d4 cxd4 5. Nxd4 Nf6 6. Nc3 e5 7. Nf3 Be7 8. 0-0 0-0 9. Ng5 a6 10. f4 b5 11. Bxf7+ Rxf7 12. Nxf7 Kxf7 13. fxe5 Nxe5 14. Nd5 Bb7 15. Nxe7 Qxe7 16. Qd4 Kg8 17. Bg5 Ned7 18. Rfe1 Qe6 19. Bxf6 Nxf6 20. e5 dxe5 21. Rxe5 Qc6 22. Re2 Ne4 23. Qd3 Rc8 24. Qb3+ Kh8 25. Rf1 Qc5+ 26. Qe3 Qxe3+ 27. Rxe3 Kg8 28. c3 Rd8 29. Rf4 Rd1+ 30. Rf1 Rd2 31. b4 Nf6 32. Rf2 Rxf2 33. Kxf2 Ng4+ 34. Ke2 Nxe3 35. Kxe3 Bxg2 36. Kd4 Kf7 37. c4 bxc4 38. Kxc4 Bf1+ 39. Kc5 Kf6 40. a4 g5 41. b5 axb5 42. axb5 Bg2 43. Kd4 Kf5 44. Ke3 Kg4 45. Kf2 Bb7 46. b6 Kh3 47. Kg1 g4 0-1